Представление документа в формате MARC21

Поле Инд. ПП Название Значение
Тип записи a
Библиографический уровень b
001 Контрольный номер RU/IS/BASE/483552248
005 Дата корректировки 20230302113903.6
008 Кодируемые данные 20150428
040 b Код языка каталог. rus
e Правила каталог. PSBO
041 0_ a Код языка текста rus
084 a Индекс другой классификации/Индекс ББК 65.050.2
100 1_ a Автор Бурдина А.
245 10 a Заглавие Обоснование целесообразности использования государственно-частного партнерства и кластерной формы организации в региональной антикризисной политике
504 a Библиография Лит. в конце статьи
520 a Аннотация Для обеспечения нормального развития производственно-инженерной инфраструктуры особую важность приобретает освоение новых механизмов в отраслях региональной экономики. О целесообразности государственно-частного партнерства и кластерной формы организации в региональной антикризисной политике идет речь в статье.
650 14 a Основная рубрика региональная экономика
a Основная рубрика управление экономикой
a Основная рубрика экономика
653 1_ a Ключевые слова антикризисная политика
a Ключевые слова государственно-частное партнерство (ГЧП)
a Ключевые слова инвестиционные фонды
a Ключевые слова инновационный кластер
a Ключевые слова кластерный подход
a Ключевые слова конкурентоспособность региона
a Ключевые слова конкурентоспособность экономики
a Ключевые слова макроэкономика
a Ключевые слова особая экономическая зона
a Ключевые слова развитие регионов
a Ключевые слова регионы России
a Ключевые слова Россия
a Ключевые слова социально-экономическое развитие
a Ключевые слова управление регионами
a Ключевые слова эффективность экономики
773 08 t Заглавие источника РИСК: ресурсы, информация, снабжение, конкуренция
d Дата издания источника 2013
g Прочая информация № 3. - С. 173 - 178 : табл., диагр., схем.
w Контрольный № источника RU/IS/BASE/439917319
901 t Тип документа b